Mau Mau memoirs : history, memory, and politics /

Bibliographic Details
Main Author: Clough, Marshall S.
Format: Book
Language:English
Published: Boulder, Colo. : L. Rienner, 1998.
Subjects:

MARC

Tag First Indicator Second Indicator Subfields
LEADER 00000cam a2200000 a 4500
001 in00001410109
005 20151020060853.0
008 970808s1998 coub b 001 0 eng
010 |a  97036869  
020 |a 1555875378 (hc : alk. paper) 
035 |a (OCoLC)37545550 
035 |9 AHN8071AM 
040 |a DLC  |c DLC  |d TXA  |d UtOrBLW 
043 |a f-ke--- 
049 |a TXAM 
050 0 0 |a DT433.577  |b .C58 1998 
082 0 0 |a 967.62/03  |2 21 
100 1 |a Clough, Marshall S. 
245 1 0 |a Mau Mau memoirs :  |b history, memory, and politics /  |c Marshall S. Clough. 
264 1 |a Boulder, Colo. :  |b L. Rienner,  |c 1998. 
300 |a x, 283 pages :  |b maps ;  |c 24 cm. 
336 |a text  |b txt  |2 rdacontent 
337 |a unmediated  |b n  |2 rdamedia 
338 |a volume  |b nc  |2 rdacarrier 
500 |a Expansion of a paper presented at the Annual Meeting of the African Studies Association in Boston, Nov. 1993. 
504 |a Includes bibliographical references (pages 263-269) and index. 
610 2 0 |a Mau Mau  |x Biography  |x History and criticism. 
610 2 0 |a Mau Mau  |x Historiography. 
651 0 |a Kenya  |x History  |y Mau Mau Emergency, 1952-1960  |x Historiography. 
650 0 |a Autobiography. 
948 |a c:jlg 
999 |a MARS 
999 f f |s 3004f622-d4cd-3d0a-b43b-bb09b432ff9a  |i 4905334a-abb1-330e-b199-8bbd2334b247  |t 0 
952 f f |p ric  |a Texas A&M University  |b Rellis Campus  |c Joint Library Facility  |d Remote Storage  |t 0  |e DT433.577 .C58 1998  |h Library of Congress classification  |i unmediated -- volume  |m A14822154929 
998 f f |a DT433.577 .C58 1998  |t 0  |l Remote Storage